Dos Mundos / (Record no. 5931)
[ view plain ]
| 000 -LEADER | |
|---|---|
| fixed length control field | 00726cam a22002292 4500 |
| 001 - CONTROL NUMBER | |
| control field | 0000002595 |
| 005 - DATE AND TIME OF LATEST TRANSACTION | |
| control field | 20151217151859.0 |
| 008 - FIXED-LENGTH DATA ELEMENTS--GENERAL INFORMATION | |
| fixed length control field | 070416s xx 000 0 eng d |
| 020 ## - INTERNATIONAL STANDARD BOOK NUMBER | |
| International Standard Book Number | 0070644340 : |
| 040 ## - CATALOGING SOURCE | |
| Original cataloging agency | KABU |
| Transcribing agency | KABU |
| 050 #0 - LIBRARY OF CONGRESS CALL NUMBER | |
| Classification number | PC4129 |
| Item number | .E5D67 1998 |
| 245 10 - TITLE STATEMENT | |
| Title | Dos Mundos / |
| Statement of responsibility, etc. | Tracy D Terrel .... [et al.] |
| 250 ## - EDITION STATEMENT | |
| Edition statement | 4th ed. |
| 260 ## - PUBLICATION, DISTRIBUTION, ETC. (IMPRINT) | |
| Place of publication, distribution, etc. | Boston : |
| Name of publisher, distributor, etc. | McGraw-Hill, |
| Date of publication, distribution, etc. | 1998. |
| 300 ## - PHYSICAL DESCRIPTION | |
| Extent | xxxi,540. [53] p. + |
| Accompanying material | 1 CD-ROM. |
| 650 #0 - SUBJECT ADDED ENTRY--TOPICAL TERM | |
| Topical term or geographic name as entry element | Spanish language |
| General subdivision | Textbooks for foreign students |
| -- | English. |
| -- | 0000152008 |
| 700 1# - ADDED ENTRY--PERSONAL NAME | |
| Personal name | Terrell, Tracy D. |
| -- | 0000152009 |
| 908 ## - PUT COMMAND PARAMETER (RLIN) | |
| Put command parameter | 070416 |
| 950 ## - LOCAL HOLDINGS (RLIN) | |
| -- | 1 |
| Withdrawn status | Lost status | Source of classification or shelving scheme | Not for loan | Home library | Current library | Date acquired | Total Checkouts | Full call number | Barcode | Date last seen | Price effective from | Koha item type | Date last checked out |
|---|---|---|---|---|---|---|---|---|---|---|---|---|---|
| Library of Congress Classification | Kabarak, Main Campus | Kabarak, Main Campus | 17/12/2015 | PC4129 .E5D67 1998 c. 1 | 007935 | 17/12/2015 | 17/12/2015 | General Collection | |||||
| Library of Congress Classification | Kabarak, Main Campus | Kabarak, Main Campus | 17/12/2015 | 2 | PC4129 .E5D67 1998 c. 2 | 007936 | 10/06/2023 | 17/12/2015 | General Collection | 09/06/2023 |